|
|
|
|
| LEADER |
000000am a2200000 a 4500 |
| 001 |
A2610 |
| 005 |
20230308174759.0 |
| 008 |
008021|2003 ||||||||r|||||||||||spa|| |
| 020 |
|
|
|a 9707181427
|
| 040 |
|
|
|b spa
|
| 041 |
0 |
|
|a Es
|
| 082 |
0 |
|
|a 709.040.42
|b E38e
|
| 100 |
1 |
|
|a Elger, Dietmar
|9 77962
|
| 245 |
1 |
1 |
|a Expresionismo: una revolución artística alemana
|c Dietmar Elger
|h imp
|
| 264 |
|
|
|b Numen
|c 2003
|
| 300 |
|
|
|a 255páginas:
|b ilus.
|
| 504 |
|
|
|a Incl. ref.
|
| 520 |
3 |
|
|a Una revolución artística alemana
|
| 650 |
1 |
|
|a Expresionismo
|9 6848
|
| 650 |
1 |
|
|a Revolucion artistica alemana
|9 79826
|
| 650 |
1 |
|
|a Jinete azul
|9 76445
|
| 650 |
1 |
|
|a Ludwig
|9 79827
|
| 852 |
|
|
|a UC-YANUNCAY
|c SALA 2 (ARTES)
|f Compra
|k jhoanna.mogollon
|l 1
|m General
|p 20080214
|q 32,86
|t A2610
|b 0
|d CDRY
|e CDRY
|g 709.040.42 E38e SALA 2 (ARTES)
|z 2008-80-21
|
| 942 |
|
|
|c BK
|
| 999 |
|
|
|c 47789
|d 47789
|